| 000 | 00915 a2200253 4500 | ||
|---|---|---|---|
| 010 | _aENG-85972 | ||
| 020 |
_a8178296667 _c450.00 |
||
| 035 | _aEN-69505 | ||
| 037 | _bDBAD / PUB | ||
| 082 | 0 | 0 | _a324.254 |
| 090 |
_c3949 _d3949 |
||
| 245 | 1 | 0 |
_aIndia's political parties _cedited by Peter Ronald DeSouza, E. Sridharan |
| 260 |
_aNew Delhi _bSage Publications _c2006 |
||
| 270 |
_aB1/11, Mohan Cooperative Industrial Area, Mathura Road _bNew Delhi _cDelhi _e110 044 |
||
| 300 |
_a418 p. _bill. ; _c22 cm. |
||
| 490 | _aReading in Indian Government and politics | ||
| 500 | _aIncludes bibligraphical references and index | ||
| 650 | 4 |
_aPolitical parties _yIndia |
|
| 650 | 4 |
_aIndia _xPolitical and government |
|
| 700 | 1 | _adeSouza, Peter Ronald | |
| 700 | 1 | _aSridharan, Eswaran | |
| 942 |
_adpl _cEN _k324.254 / IND |
||
| 999 |
_c3870 _d3870 |
||